| 000 | 00000nam##2200000za#4500 |
| 001 | 9.615450 |
| 003 | CaOODSP |
| 005 | 20240527135427 |
| 007 | ta |
| 008 | 150406|2002||||xxc||||| f|0| 0 eng|d |
| 020 | |a0-662-29753-9 |
| 040 | |aCaOODSP|beng |
| 043 | |an-cn--- |
| 086 | 1 |aCW69-11/22-2002E |
| 110 | 2 |aCanadian Wildlife Service. |
| 245 | 10|aNational recovery plan for the Piping Plover (Charadrius melodus) |
| 260 | |aOttawa - Ontario : |bEnvironment Canada. |c2002. |
| 300 | |a47p. : |bmap, references, tables ; |c28 cm. |
| 490 | 1 |aNational recovery plan |vNo. 22 |
| 563 | |aSoftcover |
| 590 | |a02-23|b2002-06-07 |
| 690 | 07|aBirds|2gcpds |
| 690 | 07|aEndangered species|2gcpds |
| 690 | 07|aStrategies|2gcpds |
| 775 | 08|tPlan national de rétablissement du Pluvier siffleur (Charadrius melodus) |w(CaOODSP)9.625530 |
| 776 | 0#|tNational recovery plan for the Piping Plover (Charadrius melodus) / |w(CaOODSP)9.571418 |
| 830 | #0|aNational recovery plan ;|vNo. 22|w(CaOODSP)9.514484 |